| 000 | 00451nam a2200181Ia 4500 | ||
|---|---|---|---|
| 001 | 3707 | ||
| 005 | 20260306145703.0 | ||
| 008 | 260306t2008||||xx |||||||||||||| ||spa|| | ||
| 041 | _aESP | ||
| 082 |
_a302 _bP88 |
||
| 100 |
_aZarco Martín, Victoria (dir) _eAUT |
||
| 245 | 0 | _aPsicología de los grupos y de las organizaciones | |
| 260 | _c2008 | ||
| 300 |
_a270 páginas : _c24 cm. |
||
| 650 | _aGEN | ||
| 654 | _aCPS | ||
| 942 |
_cLIB _dJUS _fJUS _2ddc _n |
||
| 999 |
_c3707 _d3707 |
||